| 000 | 00552nam a22001937a 4500 | ||
|---|---|---|---|
| 999 |
_c525384 _d525384 |
||
| 003 | NUST | ||
| 005 | 20190702044621.0 | ||
| 008 | 190702b ||||| |||| 00| 0 eng d | ||
| 038 | _aWaseem | ||
| 082 |
_a891.431092 _bSYE |
||
| 100 |
_ajafri, Syed Akhtar _916242 |
||
| 245 |
_aPunjabi adbi manzar / _cSyed Akhtar Jafri |
||
| 260 |
_aLahore : _bImporiyam publisher, _c2000. |
||
| 300 | _a318 p. ; | ||
| 500 | _apaperback. | ||
| 880 |
_6100-01\r _aسید اختر جعفری |
||
| 880 |
_a245-02\r _bپنجابی ادبی منظر / |
||
| 942 |
_2ddc _cBK |
||